Word Ladder: Family Dinner Beverages Quiz Stats

Quiz Updated Nov 23, 2017

Challenge
Share
Tweet
Embed
Score 0/24 Timer 04:00
1 Play Today
Clues 4-Letter Word % Correct
• What Dad drank • • BEER •
98.6%
• What Mom drank • • WINE •
98.3%
• What Baby drank • • MILK •
97.8%
Black or Polar, for exampleBEAR
96.9%
Word that comes before arts or diningFINE
95.7%
One whose career is over: Has-____BEEN
95%
Center of an appleCORE
95%
Not spicyMILD
93.6%
Many make a necklaceBEAD
92.9%
Person from Helsinki, e.g.FINN
91.5%
Actor's partROLE
91.2%
Swiss capitalBERN
91%
Clues 4-Letter Word % Correct
Liver fluidBILE
90.7%
Skin openingPORE
88.7%
Plant with frondsFERN
88.6%
Cheat out of moneyBILK
88.3%
• What Uncle drank • • MEAD •
87.7%
UpsetRILE
86.9%
BlendMELD
85.8%
'Twin Peaks' actress SherilynFENN
84.6%
Designer Kenneth or HaanCOLE
80.9%
• What Sister drank • • COLA •
77.3%
Cat of 'Iron Chef America'CORA
75.4%
• What Grandma drank • • PORT •
60.3%

Today's Daily Dose

You're not logged in!

Compare scores with friends on all Sporcle quizzes.
Join for Free
OR
Log In

You Might Also Like...

Show Comments

Extras

Top Quizzes Today


Score Distribution

Your Account Isn't Verified!

In order to create a playlist on Sporcle, you need to verify the email address you used during registration. Go to your Sporcle Settings to finish the process.

Report this User

Report this user for behavior that violates our Community Guidelines.

Details: